00497nam a2200181Ia 4500003000400000005001700004008004100021020002200062040000700084041000800091082002200099100001800121245008100139260004700220300001800267365001600285650001400301OSt20230323120056.0210423s2009 xx 000 0 und d a978-0-521-86701-6 cAL aeng a330.01 223bMAKM aMAKI (Uskali) aMethodology of positive economics: reflections on the milton friedman legacy aNew YorkbCambridge University Pressc2009 axviii,363bHB b7068.4cGBP aEconomics